01755pam a2200253 a 4500001000800000005001700008008004100025010001700066020001500083040001800098043001200116050002200128082001700150100002300167245008200190246002500272250001200297260006000309300003400369504005300403505097000456650002101426650005401447492704920210414113934.0951027s1996 ohua b 001 0 eng  a 95044702  a0538856262 aDLCcDLCdDLC an-us---00aHF5387b.C35 199600a658.4/082201 aCarroll, Archie B.10aBusiness & society : ethics and stakeholder management. /cArchie B. Carroll.3 aBusiness and society a3rd ed. aCincinnati, Ohio :bSouth-Western College Pub.,cc1996. axiv, 802 p. :bill. ;c24 cm. aIncludes bibliographical references and indexes. aContents: The Business/society relationship -- Corporate social responsibility, responsiveness and performance -- The Stakeholder management concept -- Business ethics fundamentals -- Personal and organizational ethics -- Ethical issues in the global arena -- Business, government and regulation -- Business's influence on government and public policy -- Consumer stakeholders: information issues and responses -- Consumer stakeholders: product and service issues -- The Natural environment as stakeholder: issues and challenges -- Business and stakeholder responses to environmental challenges -- Business and community stakeholders -- Employee stakeholders and workplace issues -- Employee stakeholders: privacy, safety and health -- Employment discrimination and affirmative action -- Owner stakeholders and corporate governance -- Strategic management and corporate public policy -- Issues management and crisis management -- Public affairs management -- Cases. 0aBusiness ethics. 0aSocial responsibility of businesszUnited States.